A tojástermelés ökonómiai értékelése a Tótkomlósi Tojástermelő Közös Vállalatnál 1997-1999 között
Elmentve itt :
| Szerző: | |
|---|---|
| További közreműködők: | |
| Dokumentumtípus: | Szakdolgozat |
| Megjelent: |
2000
|
| Kulcsszavak: | Tojástermelés Ökonómia Tótkomlós |
| Tárgyszavak: | |
| Online Access: | http://diploma.bibl.u-szeged.hu/100716 |
| LEADER | 00812nta a2200229 i 4500 | ||
|---|---|---|---|
| 001 | dipl100716 | ||
| 005 | 20211202101702.0 | ||
| 008 | 211119s2000 hu om 0|| hun d | ||
| 040 | |a SZTE Diploma Repozitórium |b hun | ||
| 041 | |a hun | ||
| 100 | 1 | |a Rimovszki Andrea | |
| 245 | 1 | 2 | |a A tojástermelés ökonómiai értékelése a Tótkomlósi Tojástermelő Közös Vállalatnál 1997-1999 között |h [elektronikus dokumentum] / |c Andrea Rimovszki |
| 260 | |c 2000 | ||
| 300 | |a 60 | ||
| 650 | 4 | |a Agrár | |
| 650 | 4 | |a Agricultural sciences | |
| 650 | 4 | |a Agriculture, forestry and fisheries | |
| 695 | |a Tojástermelés | ||
| 695 | |a Ökonómia | ||
| 695 | |a Tótkomlós | ||
| 700 | 2 | |a Mónusné Dr. Goda Ágnes |e ths | |
| 856 | 4 | 0 | |u http://diploma.bibl.u-szeged.hu/id/eprint/100716/1/2000_rimovszki_andrea.pdf |z Dokumentum-elérés |